logo

Bir Sreshtho Munshi Abdur Rouf Library
Jhenaidah Cadet College

তিনিই আমার রব / (Record no. 13810)

MARC details
000 -LEADER
fixed length control field 00864nam a2200241 a 4500
001 - CONTROL NUMBER
JCCL Control Number 13810
003 - CONTROL NUMBER IDENTIFIER
JCCL marc code BD-JhCC
005 - DATE AND TIME OF LATEST TRANSACTION
control field 20240415095327.0
008 - FIXED-LENGTH DATA ELEMENTS--GENERAL INFORMATION
fixed length control field 240415b2018 bg |||| ||a| 000 0 ben d
020 ## - INTERNATIONAL STANDARD BOOK NUMBER
International Standard Book Number 9789843445759
035 ## - SYSTEM CONTROL NUMBER
system control number (BD-JhCC)13810
040 ## - CATALOGING SOURCE
Original cataloging agency BD-JhCC
Modifying agency BD-JhCC
041 ## - LANGUAGE CODE
Language code of Book Bengali
082 ## - DEWEY DECIMAL CLASSIFICATION NUMBER
Classification number 297.1
Author mark and Year ALF 2018
100 ## - MAIN ENTRY--PERSONAL NAME
Personal name আল-ফীফী,শাইখ আলী জাবির
245 ## - TITLE STATEMENT
Title তিনিই আমার রব /
Statement of responsibility, etc শাইখ আলী জাবির আল-ফীফী , অনু: আব্দুল্লাহ মজুমদার
260 ## - PUBLICATION, DISTRIBUTION, ETC. (IMPRINT)
Place of publication, distribution, etc ঢাকা:
Name of publisher, distributor, etc সমকালীন প্রকাশন;
Date of publication, distribution, etc 2018.
300 ## - PHYSICAL DESCRIPTION
Pagination 168 p. :
Dimensions 22 cm.
650 ## - SUBJECT ADDED ENTRY--TOPICAL TERM
Topical term or geographic name as entry element Islamic
General subdivision Faith
Geographic subdivision Aqeedah and Tawbah
700 ## - ADDED ENTRY--PERSONAL NAME
Personal name মজুমদার,আব্দুল্লাহ
942 ## - ADDED ENTRY ELEMENTS (KOHA)
Source of classification or shelving scheme Dewey Decimal Classification
Koha item type Books
Holdings
Source of classification or shelving scheme Damaged status Not for loan Home library Current library Shelving location Date of accession Source of acquisition Cost, normal purchase price Total Checkouts Full call number Barcode Date last seen Date checked out Copy number Method of acquisition Koha item type Currency
Dewey Decimal Classification     JCC Rouf Library JCC Rouf Library General Stacks   With The Compliments From 7th Intake. 235.00 3 297.1 ALF 2018 19243 01/18/2026 11/20/2025 C-1 Purchase Books BDT

JCC Library | Contacts | JCC Home

Last Update on 23 September 2017
Copyright @ 2017-2020 JCC Rouf Library
Rouf Library, Jhenidah Cadet College (JCC), Bangladesh